000 00328nam a2200121Ia 4500
008 220216s9999 xx 000 0 und d
100 _aKittipol Lukchai
245 0 _aInfrastructure in rubber trading market
260 _bRubber International Magazine
_c2006
300 _a42-43
650 _aRubber trading market
942 _cJS
999 _c61391
_d61391